[Event "Relampago R-038 corr"]
[Site "CXV corr"]
[Date "2001.09.02"]
[Round "?"]
[White "Da Silva Filho, Alcindo Luz Bastos"]
[Black "Da Silva Coelho, Sergio Ricardo"]
[Result "1-0"]
[WhiteElo "1638"]
[BlackElo "1562"]
[PlyCount "45"]
[EventDate "2001.??.??"]
[EventType "tourn (corr)"]
[EventRounds "5"]
[EventCountry "BRA"]
[SourceTitle "Corr 2004"]
[Source "ChessBase"]
[SourceDate "2003.04.28"]
[SourceVersion "3"]
[SourceVersionDate "2003.04.28"]
[SourceQuality "1"]

1. e4 e5 2. f4 exf4 3. Bc4 Qh4+ 4. Kf1 Nc6 5. d4 d6 6. Nf3 Bg4 7. Bb5 0-0-0 8. Bxc6 bxc6 9. Bxf4 Nf6 10. Nc3 Bxf3 11. Qxf3 d5 12. e5 Nd7 13. Ne2 Qe7 14. c4 Qe6 15. cxd5 cxd5 16. Rc1 Nb6 17. Kf2 Be7 18. Rc2 g5 19. Rhc1 Kb8 20. Rc6 Qf5 21. Rxc7 Bd6 22. exd6 gxf4 23. Qa3 1-0

[Event "Relampago R-029 corr"]
[Site "CXV corr"]
[Date "2001.04.06"]
[Round "?"]
[White "Da Silva Coelho, Sergio Ricardo"]
[Black "Lingenover, Wagner Charles"]
[Result "1-0"]
[WhiteElo "1501"]
[BlackElo "1365"]
[PlyCount "29"]
[EventDate "2001.??.??"]
[EventType "tourn (corr)"]
[EventRounds "12"]
[EventCountry "BRA"]
[SourceTitle "Corr 2004"]
[Source "ChessBase"]
[SourceDate "2003.04.28"]
[SourceVersion "3"]
[SourceVersionDate "2003.04.28"]
[SourceQuality "1"]

1. d4 e6 2. c4 c6 3. a3 Qa5+ 4. Nc3 Qf5 5. e4 Qf6 6. Nf3 Qd8 7. Bd3 d5 8. c5 Nf6 9. e5 Ng4 10. h3 Nh6 11. Bxh6 gxh6 12. Qc2 Na6 13. Bxh7 b6 14. b4 bxc5 15. dxc5 1-0

[Event "CXV R - 011 email"]
[Site "Brazil CXV"]
[Date "2000.10.22"]
[Round "?"]
[White "Neto Malvaso, Jose"]
[Black "Da Silva Coelho, Sergio Ricardo"]
[Result "1-0"]
[WhiteElo "1610"]
[BlackElo "1480"]
[PlyCount "69"]
[EventDate "2000.??.??"]
[EventType "tourn (corr)"]
[EventRounds "6"]
[EventCountry "BRA"]
[SourceTitle "Corr 2004"]
[Source "ChessBase"]
[SourceDate "2003.04.28"]
[SourceVersion "3"]
[SourceVersionDate "2003.04.28"]
[SourceQuality "1"]

1. e4 e5 2. Nf3 Nc6 3. Bc4 Bc5 4. d3 h6 5. 0-0 Nf6 6. Nc3 0-0 7. h3 d6 8. Na4 Nd7 9. Be3 Bxe3 10. fxe3 a6 11. Nc3 Nb6 12. Bd5 Nxd5 13. exd5 Ne7 14. e4 c6 15. dxc6 bxc6 16. Rf2 Bb7 17. Nh2 Re8 18. Qf3 Rf8 19. Raf1 Ng6 20. Ng4 Nf4 21. Ne2 Nxe2+ 22. Qxe2 Bc8 23. Qf3 Bxg4 24. Qxg4 Qg5 25. Qd7 Qg6 26. Qxc6 Ra7 27. Qb6 Rfa8 28. Qc6 Rd8 29. b4 Qe6 30. c4 Rc8 31. Qd5 Qxd5 32. exd5 f6 33. g4 Rb8 34. a3 Rc7 35. Rc1 1-0